Gaming Quiz

Random Gaming or Board Games Quiz

Board Games: Piece to Board Match Quiz Stats

 Plays Quiz Updated Nov 2, 2019

Score 0/12 Timer 05:00
59 Plays Today
% Correct
Knight
96.3%
Wishbone
95.6%
Person
93%
Revolver
92.6%
Tile
92.5%
Marble
90.9%
Top Hat
90.9%
Pie
90.6%
Car
85.9%
Flag
73.9%
Cavalry Piece
72.8%
City
65.2%

You're not logged in!

Compare scores with friends on all Sporcle quizzes.
OR
Log In

Sporcle TV

Today on Sporcle TV


Watch our educational content, quiz creation guides, and fun videos on Sporcle TV.

Show Comments

Extras

Top Quizzes Today


Score Distribution

Your Account Isn't Verified!

In order to create a playlist on Sporcle, you need to verify the email address you used during registration. Go to your Sporcle Settings to finish the process.

Report this User

Report this user for behavior that violates our Community Guidelines.

Details: